[Event "Cto Aragón Equipos Div.  Honor F. Desce"]
[Site "Aragon"]
[Date "2014.03.15"]
[Round "8.31"]
[White "Pellicer Cemeli, Jose Luis"]
[Black "Carruez Berges, Santiago"]
[Result "1-0"]
[WhiteElo "2075"]
[BlackElo "2144"]
[PlyCount "87"]
[EventDate "2014.??.??"]
[WhiteTeam "L´Aurora Estadilla"]
[BlackTeam "Agrupacion"]

1. d4 Nf6 2. c4 g6 3. Nc3 Bg7 4. e4 O-O 5. Be2 d6 6. Bg5 h6 7. Be3 e5 8. d5 Na6
9. f3 Ne8 10. h4 f5 11. Qd2 f4 12. Bf2 Nf6 13. Bd3 Nh5 14. Nge2 Bd7 15. Bc2 Qe8
16. Nc1 Nb4 17. N3e2 a5 18. Nd3 c5 19. dxc6 Nxc2+ 20. Qxc2 bxc6 21. Rd1 Qe7 22.
Qd2 Be6 23. Rc1 Rfd8 24. Bb6 Rd7 25. Bxa5 Bf6 26. b4 Bxh4+ 27. Nf2 d5 28. cxd5
cxd5 29. Qd3 d4 30. Rc6 Bxa2 31. Rxg6+ Kh7 32. Rc6 Rg8 33. Kf1 Bf7 34. Ng4 Bg5
35. Qa6 d3 36. Rxh6+ Kg7 37. R1xh5 Bxh5 38. Rxh5 dxe2+ 39. Kxe2 Kf7 40. Qc4+
Kg7 41. b5 Rd4 42. Qc7 Qxc7 43. Rxg5+ Kh7 44. Rh5+ 1-0

[Event "Cto Aragón Equipos Div.  Honor F. Desce"]
[Site "Aragon"]
[Date "2014.03.15"]
[Round "8.32"]
[White "Mimbela Lopez, Luis"]
[Black "Felez Casedas, Carlos"]
[Result "1-0"]
[WhiteElo "2084"]
[BlackElo "2019"]
[PlyCount "81"]
[EventDate "2014.??.??"]
[WhiteTeam "Agrupacion"]
[BlackTeam "L´Aurora Estadilla"]

1. d4 d5 2. Nf3 e6 3. e3 Nf6 4. Bd3 Be7 5. O-O O-O 6. Nbd2 b6 7. b3 Nbd7 8. Bb2
c5 9. c4 Bb7 10. Rc1 Rc8 11. Qe2 Ne4 12. cxd5 exd5 13. Ba6 Bxa6 14. Qxa6 Nxd2
15. Nxd2 Nb8 16. Qe2 Nc6 17. dxc5 bxc5 18. Nf3 Qa5 19. Bc3 Qa3 20. Rc2 Rfd8 21.
Ne5 d4 22. Nxc6 Rxc6 23. Bb2 Qxa2 24. exd4 Re6 25. Qc4 Rb8 26. d5 Rg6 27. Be5
Qxb3 28. Bxb8 Qxb8 29. Re2 Bd6 30. h3 h6 31. Qe4 Qc7 32. Rc1 Rg5 33. Qe8+ Bf8
34. Rd1 Qd6 35. Qc6 Rg6 36. Re8 Kh7 37. Qc8 Qf4 38. Rxf8 Rg5 39. Rh8+ Kg6 40.
Qc6+ Kh5 41. d6 1-0

[Event "Cto Aragón Equipos Pref Gr I"]
[Site "Aragón"]
[Date "2014.03.15"]
[Round "8.33"]
[White "Gracia Suarez, Jesus"]
[Black "Faro Perella, Alberto"]
[Result "1-0"]
[WhiteElo "2115"]
[BlackElo "1938"]
[PlyCount "67"]
[EventDate "2014.??.??"]
[EventRounds "9"]
[EventCountry "ESP"]
[WhiteTeam "Sta Isabel"]
[BlackTeam "Binefar"]

1. e4 c5 2. Nf3 e6 3. d4 cxd4 4. Nxd4 Nf6 5. Nc3 Qb6 6. Nb3 Bb4 7. Bd2 d6 8. a3
Bxc3 9. Bxc3 e5 10. Ba5 Qc6 11. f3 O-O 12. a4 a6 13. Bb4 Rd8 14. Na5 Qb6 15.
Qd2 Nc6 16. Nxc6 Qxc6 17. Ba5 b6 18. Qc3 Qb7 19. Bb4 Be6 20. O-O-O Rac8 21. Qa3
d5 22. Be7 Qc6 23. Rd2 Rd7 24. Bxa6 Ra8 25. Bb5 Qxb5 26. axb5 Rxa3 27. Bxa3
dxe4 28. Rxd7 Bxd7 29. Rd1 exf3 30. gxf3 h6 31. c4 Be6 32. Rd8+ Kh7 33. c5 bxc5
34. b6 1-0

[Event "Cto Aragón Equipos Pref Gr I"]
[Site "Aragón"]
[Date "2014.03.15"]
[Round "8.34"]
[White "Arino Castan, Federico"]
[Black "Garcia Gracia, Victor Hugo"]
[Result "0-1"]
[WhiteElo "1778"]
[BlackElo "1980"]
[PlyCount "74"]
[EventDate "2014.??.??"]
[EventRounds "9"]
[EventCountry "ESP"]
[WhiteTeam "Binefar"]
[BlackTeam "Sta Isabel"]

1. d4 e6 2. c4 Nf6 3. Nc3 Bb4 4. a3 Bxc3+ 5. bxc3 c5 6. Qc2 Nc6 7. Nf3 b6 8.
Bg5 O-O 9. e4 Qc7 10. e5 Ne8 11. Qe4 f5 12. exf6 Nxf6 13. Qh4 d6 14. Bd3 h6 15.
Bd2 e5 16. dxe5 Nxe5 17. Nxe5 dxe5 18. O-O-O Bb7 19. f3 Rad8 20. Bf5 Qf7 21.
Bxh6 gxh6 22. Rxd8 Rxd8 23. Qxh6 Qg7 24. Be6+ Kf8 25. Qh4 Rd6 26. Bh3 Rd3 27.
Rd1 Rxd1+ 28. Kxd1 e4 29. Qf4 exf3 30. Qb8+ Ne8 31. g3 Qe7 32. Qf4+ Nf6 33.
Qh6+ Kf7 34. Bf5 f2 35. Qg6+ Kf8 36. Qh6+ Ke8 37. Qh8+ Kf7 0-1

[Event "Cto Aragón Equipos Pref Gr I"]
[Site "Aragón"]
[Date "2014.03.15"]
[Round "8.36"]
[White "Rosa Garcia, Jesus"]
[Black "Perez Boy, Pedro"]
[Result "1/2-1/2"]
[WhiteElo "1689"]
[BlackElo "1829"]
[PlyCount "113"]
[EventDate "2014.??.??"]
[EventRounds "9"]
[EventCountry "ESP"]
[WhiteTeam "Binefar"]
[BlackTeam "Sta Isabel"]

1. b4 Nf6 2. Bb2 d6 3. c4 e5 4. e3 g6 5. Be2 Bg7 6. b5 O-O 7. Nf3 Nbd7 8. O-O
Ne8 9. d4 exd4 10. exd4 c6 11. a4 Nc7 12. Re1 d5 13. Nbd2 dxc4 14. Bxc4 Nb6 15.
Qb3 Nxc4 16. Qxc4 Be6 17. Qc5 Bd5 18. bxc6 Bxc6 19. Qc2 Rc8 20. Rad1 Na6 21.
Qb3 Bd5 22. Qb5 Nc7 23. Qa5 Ne6 24. Qxd8 Rfxd8 25. Ne5 Rc2 26. Ba3 Nxd4 27.
Ndf3 Bxf3 28. Nxf3 Nxf3+ 29. gxf3 Rxd1 30. Rxd1 Bf6 31. Rc1 Rxc1+ 32. Bxc1 a6
33. Ba3 Bc3 34. Kf1 b5 35. axb5 axb5 36. Ke2 b4 37. Kd3 Kg7 38. Bc1 f5 39. Kc4
Kf6 40. Bh6 g5 41. Bf8 Ke5 42. Bh6 Kf4 43. h4 Kxf3 44. Bxg5 Kxf2 45. Kd3 f4 46.
Bxf4 Kf3 47. Bg5 Kg4 48. Kc4 h5 49. Bf6 Be1 50. Be7 Bxh4 51. Bxb4 Bg5 52. Bd6
h4 53. Kd3 Kf3 54. Bh2 h3 55. Be5 Kg2 56. Ke2 Bh4 57. Bf4 1/2-1/2

[Event "Cto Aragón Equipos Pref Gr I"]
[Site "Aragón"]
[Date "2014.03.15"]
[Round "8.38"]
[White "Del Corral Abancens, Alfonso"]
[Black "Flores Samperiz, Jorge"]
[Result "1-0"]
[WhiteElo "1895"]
[BlackElo "1973"]
[PlyCount "93"]
[EventDate "2014.??.??"]
[EventRounds "9"]
[EventCountry "ESP"]
[WhiteTeam "Shatranj"]
[BlackTeam "Helios B"]

1. e4 e5 2. d4 exd4 3. Nf3 Nc6 4. c3 d3 5. Bxd3 d6 6. O-O Be7 7. Bf4 Nf6 8. Qe2
Bg4 9. Nbd2 O-O 10. Rad1 Nh5 11. Be3 Nf6 12. h3 Bh5 13. Bc2 Ne5 14. Bf4 Nfd7
15. g4 Bg6 16. Bxe5 Nxe5 17. Nxe5 dxe5 18. Nc4 Bd6 19. Rd3 Qh4 20. Nxd6 cxd6
21. Kg2 Rad8 22. Rfd1 Qf6 23. Rd5 h5 24. gxh5 Bh7 25. Qg4 Qh6 26. h4 g6 27.
Rxd6 Rde8 28. hxg6 fxg6 29. Bb3+ Kh8 30. Qg5 Qg7 31. Rd7 Qf6 32. Qxf6+ Rxf6 33.
Rxb7 Ref8 34. Rd2 Rf4 35. Bd1 Rxh4 36. Rdd7 g5 37. f3 Rh6 38. Rxa7 g4 39. Rf7
Rg8 40. fxg4 Bxe4+ 41. Kg3 Bg6 42. Rfe7 e4 43. Bc2 Bf5 44. Kf4 Be6 45. g5 Rh4+
46. Ke3 Bd5 47. Bxe4 1-0

[Event "Cto Aragón Equipos Pref Gr I"]
[Site "Aragón"]
[Date "2014.03.15"]
[Round "8.39"]
[White "Flores, Francisco"]
[Black "Ballonga Arruebo, Alejandro"]
[Result "1-0"]
[WhiteElo "1834"]
[BlackElo "1696"]
[PlyCount "49"]
[EventDate "2014.??.??"]
[EventRounds "9"]
[EventCountry "ESP"]
[WhiteTeam "Helios B"]
[BlackTeam "Shatranj"]

1. e4 e6 2. d3 d5 3. Nd2 Nf6 4. Ngf3 dxe4 5. dxe4 Bc5 6. h3 e5 7. Bd3 Be6 8.
O-O Nc6 9. Bb5 Qd6 10. Qe2 O-O 11. Nb3 Bxb3 12. axb3 Nd4 13. Nxd4 exd4 14. e5
Qb6 15. exf6 Qxf6 16. Qh5 Bd6 17. Bd3 h6 18. Qf5 Qxf5 19. Bxf5 Rfe8 20. Bd2 Re2
21. Rad1 Re5 22. Bd3 Re6 23. Rfe1 Rf6 24. Re4 a5 25. Rde1 1-0

[Event "Cto Aragón Equipos Pref Gr I"]
[Site "Aragón"]
[Date "2014.03.15"]
[Round "8.40"]
[White "Aznar Andres, Maria Pilar"]
[Black "Gracia Martinez, Juan Pablo"]
[Result "1-0"]
[WhiteElo "1625"]
[BlackElo "1781"]
[PlyCount "30"]
[EventDate "2014.??.??"]
[EventRounds "9"]
[EventCountry "ESP"]
[WhiteTeam "Shatranj"]
[BlackTeam "Helios B"]

1. e4 c5 2. Nc3 e6 3. g3 Nc6 4. Bg2 Nf6 5. f4 d6 6. Nf3 Be7 7. d3 Qc7 8. O-O a6
9. h3 Bd7 10. b3 O-O-O 11. Be3 e5 12. Nd5 Nxd5 13. exd5 Nd4 14. Nxd4 exd4 15.
Bf2 Bf5 1-0

[Event "Cto Aragón Equipos Pref Gr I"]
[Site "Aragón"]
[Date "2014.03.15"]
[Round "8.41"]
[White "Soriano Ascaso, Ignacio"]
[Black "Donoso Sanchez, Alejandro"]
[Result "1-0"]
[WhiteElo "2134"]
[BlackElo "2212"]
[PlyCount "99"]
[EventDate "2014.??.??"]
[EventRounds "9"]
[EventCountry "ESP"]
[WhiteTeam "Sabiñanigo"]
[BlackTeam "CMU Pedro Cerbuna"]

1. Nc3 c5 2. Nf3 e6 3. d4 d5 4. e4 Nf6 5. Bg5 Be7 6. Bb5+ Bd7 7. Bxd7+ Nbxd7 8.
exd5 Nxd5 9. Nxd5 Bxg5 10. Nxg5 exd5 11. Qe2+ Kf8 12. Qd2 h6 13. Nf3 c4 14. O-O
Qb6 15. Rfe1 g5 16. c3 Qf6 17. Ne5 Rd8 18. Re3 Nxe5 19. Rxe5 Kg7 20. Rae1 Rd7
21. Qe3 b5 22. a3 a5 23. Qh3 Rhd8 24. f4 Qxf4 25. Rf1 Qd2 26. Qf5 Qd3 27. Qf6+
Kh7 28. Re7 Rxe7 29. Qxe7 Rg8 30. Rxf7+ Kg6 31. h3 Kh5 32. Kh2 g4 33. h4 g3+
34. Kh3 Qe4 35. Qxe4 dxe4 36. Re7 b4 37. Rxe4 bxc3 38. bxc3 Rb8 39. d5 Rd8 40.
Rd4 Kg6 41. Kxg3 Kf5 42. d6 h5 43. d7 Ke5 44. Kh3 Kf5 45. Kh2 Kf6 46. g3 Ke5
47. Kg2 Ke6 48. Kf3 Kf5 49. Rd5+ Ke6 50. Ke4 1-0

[Event "Cto Aragón Equipos Pref Gr I"]
[Site "Aragón"]
[Date "2014.03.15"]
[Round "8.42"]
[White "Sacristan Latorre, Alberto"]
[Black "Ainsa Claver, Ignacio"]
[Result "1-0"]
[WhiteElo "2061"]
[BlackElo "1968"]
[PlyCount "121"]
[EventDate "2014.??.??"]
[EventRounds "9"]
[EventCountry "ESP"]
[WhiteTeam "CMU Pedro Cerbuna"]
[BlackTeam "Sabiñanigo"]

1. e4 c6 2. d4 d5 3. Nc3 dxe4 4. Nxe4 Bf5 5. Ng3 Bg6 6. h4 h6 7. h5 Bh7 8. Nf3
Nf6 9. Bd3 Bxd3 10. Qxd3 e6 11. Bd2 Nbd7 12. O-O-O Qc7 13. Ne4 Nxe4 14. Qxe4
Nf6 15. Qe2 O-O-O 16. c4 Bd6 17. Kb1 c5 18. Bc3 Rhe8 19. Ne5 Bxe5 20. dxe5 Nd7
21. Rh3 Nb8 22. Rg3 Rg8 23. Rxd8+ Qxd8 24. Kc2 Nc6 25. Qe3 b6 26. Qe4 Qc7 27.
Qh7 Rd8 28. Qxg7 Qd7 29. Qg4 Nxe5 30. Bxe5 Qd2+ 31. Kb1 Qe1+ 32. Kc2 Rd2+ 33.
Kb3 Qxe5 34. Qg8+ Kc7 35. Qxf7+ Rd7 36. Qf3 Qe1 37. a3 a5 38. Qa8 Qd1+ 39. Ka2
a4 40. Qa7+ Kc6 41. Qa6 Kc7 42. Re3 Qc2 43. Qa7+ Kc6 44. Qa6 Kc7 45. Rc3 Qd1
46. Qa7+ Kc6 47. Qb8 Rb7 48. Qc8+ Rc7 49. Qxe6+ Qd6 50. Qxd6+ Kxd6 51. Rg3 Ke5
52. Rg6 Kd4 53. Rxh6 Rb7 54. Rg6 Kxc4 55. Rg4+ Kd3 56. Rh4 b5 57. h6 Rh7 58. g4
b4 59. axb4 c4 60. g5 Kc2 61. Rxc4+ 1-0

[Event "Cto Aragón Equipos Pref Gr I"]
[Site "Aragón"]
[Date "2014.03.15"]
[Round "8.43"]
[White "Calleja Sanchez, Alfredo"]
[Black "Biarge Carnicer, Arturo"]
[Result "1-0"]
[WhiteElo "1894"]
[BlackElo "1898"]
[PlyCount "57"]
[EventDate "2014.??.??"]
[EventRounds "9"]
[EventCountry "ESP"]
[WhiteTeam "Sabiñanigo"]
[BlackTeam "CMU Pedro Cerbuna"]

1. e4 c5 2. Nc3 d6 3. d3 Nf6 4. g3 e6 5. Be3 Be7 6. Bg2 O-O 7. h3 Nbd7 8. f4
Rb8 9. Nge2 b5 10. Qd2 b4 11. Nd1 Bb7 12. O-O Qc7 13. g4 a5 14. Ng3 d5 15. g5
Ne8 16. exd5 exd5 17. Nf5 Nb6 18. Nxe7+ Qxe7 19. f5 f6 20. g6 h6 21. Nf2 Rc8
22. Ng4 h5 23. Nh2 Nd6 24. Rae1 Qd7 25. Qd1 Nxf5 26. Qxh5 Nh6 27. Ng4 f5 28.
Bxh6 fxg4 29. Bf4 1-0

[Event "Cto Aragón Equipos Pref Gr I"]
[Site "Aragón"]
[Date "2014.03.15"]
[Round "8.44"]
[White "Izquierdo Lupon, Jose Manuel"]
[Black "Garcia Estruch, Jorge"]
[Result "1/2-1/2"]
[WhiteElo "1624"]
[BlackElo "1869"]
[PlyCount "62"]
[EventDate "2014.??.??"]
[EventRounds "9"]
[EventCountry "ESP"]
[WhiteTeam "CMU Pedro Cerbuna"]
[BlackTeam "Sabiñanigo"]

1. d4 Nf6 2. Nf3 g6 3. Bf4 Bg7 4. e3 d6 5. h3 O-O 6. Be2 Nbd7 7. O-O Re8 8. c4
b6 9. Nc3 Bb7 10. b4 e5 11. Bh2 c5 12. Nb5 Qe7 13. Nc7 exd4 14. Nxe8 Rxe8 15.
Kh1 Ne4 16. Rc1 Nc3 17. Qe1 cxb4 18. Bd1 d3 19. Qd2 Nc5 20. Nd4 Qg5 21. Nf3 Qf6
22. Ne1 N3e4 23. Qxb4 d2 24. Rc2 a5 25. Qb5 Qe6 26. Nf3 Ba6 27. Qc6 Rc8 28.
Qxb6 Bxc4 29. Nxd2 Nxd2 30. Rc1 Nde4 31. f3 Nf6 {ILEGIBLE} 1/2-1/2

[Event "Cto Aragón Equipos Pref Gr I"]
[Site "Aragón"]
[Date "2014.03.15"]
[Round "8.45"]
[White "Cebrian Valverde, Jose Antonio"]
[Black "Maza Broto, Pablo"]
[Result "1/2-1/2"]
[WhiteElo "2141"]
[BlackElo "2045"]
[PlyCount "53"]
[EventDate "2014.??.??"]
[EventRounds "9"]
[EventCountry "ESP"]
[WhiteTeam "San Jose"]
[BlackTeam "Jaime Casas B"]

1. d4 Nf6 2. Nf3 d6 3. c4 Nbd7 4. Bf4 c6 5. Nc3 Qc7 6. h3 e5 7. Bh2 Be7 8. e3
O-O 9. Be2 Re8 10. O-O Bf8 11. b4 Qd8 12. Qb3 e4 13. Nd2 Nb6 14. c5 Nbd5 15.
Bc4 dxc5 16. bxc5 b6 17. Be5 bxc5 18. Bxf6 Qxf6 19. Nxd5 cxd5 20. Bxd5 Bxh3 21.
Nxe4 Qg6 22. Bxf7+ Qxf7 23. Qxf7+ Kxf7 24. Ng5+ Kg8 25. Nxh3 cxd4 26. exd4 Rad8
27. Rfd1 1/2-1/2

[Event "Cto Aragón Equipos Pref Gr I"]
[Site "Aragón"]
[Date "2014.03.15"]
[Round "8.46"]
[White "Buil Rello, Jose Antonio"]
[Black "Gimeno Oteo, Marco Antonio"]
[Result "1/2-1/2"]
[WhiteElo "1907"]
[BlackElo "2121"]
[PlyCount "39"]
[EventDate "2014.??.??"]
[EventRounds "9"]
[EventCountry "ESP"]
[WhiteTeam "Jaime Casas B"]
[BlackTeam "San Jose"]

1. e4 e5 2. Nf3 Nc6 3. d4 exd4 4. Nxd4 Nf6 5. Nxc6 bxc6 6. Bd3 d5 7. exd5 cxd5
8. O-O Be7 9. c4 O-O 10. cxd5 Bb7 11. Nc3 Nxd5 12. Be4 Nxc3 13. Qxd8 Rfxd8 14.
Bxb7 Ne2+ 15. Kh1 Rab8 16. Bf3 Nxc1 17. Raxc1 Bd6 18. b3 Rb5 19. Rc2 Re5 20. g3
1/2-1/2

[Event "Cto Aragón Equipos Pref Gr I"]
[Site "Aragón"]
[Date "2014.03.15"]
[Round "8.47"]
[White "Gutierrez Mingueza, Ruben"]
[Black "Salas Latorre, Jose"]
[Result "1/2-1/2"]
[WhiteElo "2081"]
[BlackElo "1798"]
[PlyCount "41"]
[EventDate "2014.??.??"]
[EventRounds "9"]
[EventCountry "ESP"]
[WhiteTeam "San Jose"]
[BlackTeam "Jaime Casas B"]

1. d4 d5 2. Nf3 Nc6 3. g3 Bf5 4. Bg2 e6 5. O-O Nb4 6. Na3 Nf6 7. c4 c6 8. Qb3
Qc8 9. Bd2 Na6 10. Rac1 Be7 11. Nb1 O-O 12. Nc3 Qc7 13. Nh4 dxc4 14. Qxc4 Bg4
15. a3 Qd7 16. Nf3 Rfd8 17. Be3 Bxf3 18. Bxf3 Nd5 19. Nxd5 exd5 20. Qd3 Nc7 21.
Rb1 1/2-1/2

[Event "Cto Aragón Equipos Pref Gr I"]
[Site "Aragón"]
[Date "2014.03.15"]
[Round "8.48"]
[White "Olivan Alvira, Alejandro"]
[Black "Palomar Ramon, Santiago"]
[Result "0-1"]
[WhiteElo "1551"]
[BlackElo "1994"]
[PlyCount "52"]
[EventDate "2014.??.??"]
[EventRounds "9"]
[EventCountry "ESP"]
[WhiteTeam "Jaime Casas B"]
[BlackTeam "San Jose"]

1. Nf3 f5 2. c4 Nf6 3. d4 e6 4. Nc3 d5 5. c5 b6 6. b4 a5 7. Qa4+ Bd7 8. b5 bxc5
9. dxc5 Bxc5 10. Ne5 Ne4 11. Nxe4 fxe4 12. Bf4 O-O 13. e3 Bb4+ 14. Kd1 Bd6 15.
Qd4 c5 16. Qb2 a4 17. Qe2 Qf6 18. Qb2 a3 19. Qe2 Bxe5 20. Bxe5 Qxe5 21. Rb1 Be8
22. g4 Nd7 23. h4 Nb6 24. Rh3 Na4 25. Rc1 Nc3+ 26. Rxc3 Qxc3 0-1

[Event "Cto Aragón Equipos Pref Gr I"]
[Site "Aragón"]
[Date "2014.03.15"]
[Round "8.49"]
[White "Pellicer Cerezuela, Miguel"]
[Black "Zubialde Ayala, Gonzalo"]
[Result "1-0"]
[WhiteElo "1927"]
[BlackElo "1731"]
[PlyCount "55"]
[EventDate "2014.??.??"]
[EventRounds "9"]
[EventCountry "ESP"]
[WhiteTeam "L´Aurora Estadilla B"]
[BlackTeam "Agrupacion B"]

1. d4 f5 2. c4 Nf6 3. Nc3 e6 4. Nf3 c6 5. Bf4 d5 6. e3 Nbd7 7. Bd3 Be7 8. O-O
O-O 9. cxd5 exd5 10. Bxf5 Nh5 11. Be6+ Kh8 12. Bg3 Nxg3 13. hxg3 Rf6 14. Bh3
Rh6 15. Ne2 Qe8 16. Nf4 g5 17. Nd3 Nf8 18. Bxc8 Rxc8 19. Nfe5 Ng6 20. Nxg6+
Qxg6 21. Ne5 Qg7 22. Qg4 Rg8 23. f4 Bd6 24. Qxg5 Qf8 25. Qxh6 Qxh6 26. Nf7+ Kg7
27. Nxh6 Kxh6 28. Kf2 1-0

[Event "Cto Aragón Equipos Pref Gr I"]
[Site "Aragón"]
[Date "2014.03.15"]
[Round "8.50"]
[White "Subira Navarro, Oscar"]
[Black "Fuentes Espuna, Juan Antonio"]
[Result "0-1"]
[WhiteElo "1716"]
[BlackElo "1920"]
[PlyCount "90"]
[EventDate "2014.??.??"]
[EventRounds "9"]
[EventCountry "ESP"]
[WhiteTeam "Agrupacion B"]
[BlackTeam "L´Aurora Estadilla B"]

1. e4 c5 2. Nf3 Nc6 3. d4 cxd4 4. Nxd4 g6 5. Be3 Bg7 6. Nc3 Nf6 7. Qd2 O-O 8.
O-O-O a6 9. f3 d6 10. g4 Nxd4 11. Bxd4 Be6 12. g5 Nh5 13. Bxg7 Nxg7 14. Be2 b5
15. f4 Rc8 16. Nd5 Rc5 17. h4 Bxd5 18. exd5 Qc7 19. Bg4 f5 20. Bf3 Rc8 21. Rh2
a5 22. Re1 Qd8 23. Qe3 R8c7 24. Ree2 b4 25. h5 a4 26. hxg6 hxg6 27. Qd3 Qb8 28.
Rh6 b3 29. axb3 axb3 30. c3 Qa7 31. Kd2 Rc4 32. Rxg6 Qa1 33. Ke3 Rxc3 34. bxc3
Rxc3 35. Rh6 Qc1+ 36. Rd2 Rxd3+ 37. Kxd3 b2 38. Rxb2 Qxb2 39. Rh1 Qb3+ 40. Ke2
Qc4+ 41. Kf2 Qxf4 42. g6 Qd2+ 43. Kg3 Qg5+ 44. Kf2 Qxg6 45. Re1 Kf7 0-1

[Event "Cto Aragón Equipos Pref Gr I"]
[Site "Aragón"]
[Date "2014.03.15"]
[Round "8.51"]
[White "Puertolas Serena, Arturo"]
[Black "Manguez Tomas, Andres"]
[Result "1-0"]
[WhiteElo "1917"]
[BlackElo "1673"]
[PlyCount "95"]
[EventDate "2014.??.??"]
[EventRounds "9"]
[EventCountry "ESP"]
[WhiteTeam "L´Aurora Estadilla B"]
[BlackTeam "Agrupacion B"]

1. e4 e5 2. Nf3 Nc6 3. d4 exd4 4. Bc4 Nf6 5. O-O d5 6. exd5 Nxd5 7. Nxd4 Nb6 8.
Bb5 Bd7 9. Nxc6 Bxc6 10. Qe2+ Qe7 11. Bxc6+ bxc6 12. Qf3 Qe6 13. Bd2 Be7 14.
Re1 Qd7 15. Qe2 Nc8 16. Nc3 O-O 17. Rad1 Qf5 18. Qe4 Qxe4 19. Nxe4 Bd6 20. c4
c5 21. Be3 Nb6 22. b3 Rad8 23. Nxc5 Bxc5 24. Bxc5 Rfe8 25. Kf1 g6 26. Be3 Nc8
27. Bf4 c6 28. Bc7 Rxe1+ 29. Kxe1 Rxd1+ 30. Kxd1 Ne7 31. Kd2 Nf5 32. Kd3 Kf8
33. Ke4 Ke7 34. g4 Ng7 35. Bg3 Ne6 36. f4 h6 37. h4 Nc5+ 38. Kd4 Na6 39. Be1
Kd6 40. b4 Nc7 41. f5 Ne8 42. Bg3+ Kd7 43. fxg6 fxg6 44. Be5 h5 45. gxh5 gxh5
46. a4 Ke6 47. Ke4 Kf7 48. Kf5 1-0

[Event "Cto Aragón Equipos Pref Gr I"]
[Site "Aragón"]
[Date "2014.03.15"]
[Round "8.52"]
[White "Serrat Claver, David"]
[Black "Palacian Campodarve, Javier"]
[Result "1-0"]
[WhiteElo "1631"]
[BlackElo "1774"]
[PlyCount "63"]
[EventDate "2014.??.??"]
[EventRounds "9"]
[EventCountry "ESP"]
[WhiteTeam "Agrupacion B"]
[BlackTeam "L´Aurora Estadilla B"]

1. e4 e6 2. d4 d5 3. Nc3 dxe4 4. Nxe4 Nf6 5. Nxf6+ Qxf6 6. Nf3 h6 7. Be3 Bd7 8.
c3 Bd6 9. Qb3 b6 10. Bb5 a6 11. Bxd7+ Nxd7 12. O-O O-O 13. Rad1 Rfe8 14. Rfe1
Rad8 15. Qa4 e5 16. dxe5 Nxe5 17. Nxe5 Qxe5 18. g3 Qf6 19. Bd4 Rxe1+ 20. Rxe1
Qf3 21. Qxa6 h5 22. Qb5 h4 23. Qg5 f6 24. Qxh4 c5 25. Be3 Be5 26. Qc4+ Kh8 27.
Qe2 Qd5 28. Qh5+ Kg8 29. f4 Qxa2 30. fxe5 Qxb2 31. e6 Qxc3 32. Bf2 1-0

[Event "Cto Aragón Equipos Pref Gr II"]
[Site "Aragon"]
[Date "2014.03.15"]
[Round "8.53"]
[White "Lopez Caudevilla, David"]
[Black "Malo Guillen, Jose Luis"]
[Result "1/2-1/2"]
[WhiteElo "2057"]
[BlackElo "2211"]
[PlyCount "98"]
[EventDate "2014.??.??"]
[WhiteTeam "Actur Rey Fernando"]
[BlackTeam "Las Fuentes"]

1. e4 e6 2. d3 d5 3. Nd2 c5 4. Ngf3 Nc6 5. g3 g6 6. Bg2 Bg7 7. O-O Nge7 8. Re1
O-O 9. Nf1 b6 10. c3 Ba6 11. e5 h6 12. h4 Rc8 13. N1h2 Nf5 14. Bf4 b5 15. Qd2
Kh7 16. Ng4 d4 17. cxd4 Ncxd4 18. Nxd4 Qxd4 19. Nf6+ Bxf6 20. exf6 b4 21. Be4
Qxf6 22. a3 Nd4 23. Bxh6 Nb3 24. Qd1 Nxa1 25. Bxf8 Rxf8 26. Qxa1 b3 27. h5 c4
28. dxc4 Bxc4 29. Qc1 Bd5 30. Bxd5 exd5 31. hxg6+ fxg6 32. Qd2 a5 33. f4 a4 34.
Qxd5 Rd8 35. Qg2 Qd4+ 36. Qf2 g5 37. Qxd4 Rxd4 38. Rf1 g4 39. Rf2 Rd1+ 40. Kg2
Kg6 41. Re2 Kf5 42. Re5+ Kf6 43. Kf2 Rh1 44. Re2 Rc1 45. Ke3 Rg1 46. Kf2 Rc1
47. Rd2 Ke6 48. Ke3 Rg1 49. Re2 Kf6 1/2-1/2

[Event "Cto Aragón Equipos Pref Gr II"]
[Site "Aragon"]
[Date "2014.03.15"]
[Round "8.54"]
[White "Alonso Blasco, Jose Miguel"]
[Black "Aviol Perez, Jose Mariano"]
[Result "1/2-1/2"]
[WhiteElo "2105"]
[BlackElo "1958"]
[PlyCount "104"]
[EventDate "2014.??.??"]
[WhiteTeam "Las Fuentes"]
[BlackTeam "Actur Rey Fernando"]

1. e4 d6 2. d4 Nf6 3. Nc3 g6 4. Nf3 Bg7 5. Be2 c5 6. dxc5 Qa5 7. O-O Qxc5 8. a3
O-O 9. Be3 Qa5 10. Qd2 Nc6 11. Rad1 Ng4 12. Bg5 Be6 13. Nd5 Qd8 14. h3 Nge5 15.
Nxe5 Bxe5 16. c3 Rc8 17. Be3 Bg7 18. Kh1 Qa5 19. Bg4 Bxg4 20. hxg4 Rfd8 21. f4
e6 22. Nb4 h5 23. g5 Ne7 24. Qf2 b6 25. Qf3 Rd7 26. Rd2 Qb5 27. Rfd1 Rcd8 28.
Nd3 d5 29. e5 Nf5 30. Bd4 Rc8 31. Nf2 a5 32. g4 hxg4 33. Nxg4 Kf8 34. Nf6 Rdd8
35. Qf2 Ke7 36. Kg1 Rh8 37. Bxb6 Rh3 38. Bd4 Rch8 39. Bc5+ Kd8 40. Bb6+ Kc8 41.
Qc5+ Qxc5+ 42. Bxc5 Bxf6 43. gxf6 Rh1+ 44. Kf2 R1h2+ 45. Kf1 Rh1+ 46. Kg2 R1h2+
47. Kf1 Rh1+ 48. Ke2 R1h3 49. Bf2 Rh2 50. Rg1 R8h3 51. Kd1 Rf3 52. Ke1 a4
1/2-1/2

[Event "Cto Aragón Equipos Pref Gr II"]
[Site "Aragon"]
[Date "2014.03.15"]
[Round "8.55"]
[White "Leon Dionis, Mateo"]
[Black "Mombiela De Sus, Jose Luis"]
[Result "1-0"]
[WhiteElo "1788"]
[BlackElo "2050"]
[PlyCount "93"]
[EventDate "2014.??.??"]
[WhiteTeam "Actur Rey Fernando"]
[BlackTeam "Las Fuentes"]

1. d4 f5 2. Nf3 Nf6 3. g3 e6 4. Bg2 Be7 5. O-O O-O 6. c4 Ne4 7. Nbd2 d5 8. cxd5
exd5 9. Ne5 c6 10. f4 b6 11. Nxe4 fxe4 12. Be3 a5 13. Rc1 Bb7 14. Bh3 Kh8 15.
Be6 Qe8 16. Bh3 Bd6 17. Qb3 b5 18. a4 b4 19. Rf2 Na6 20. Bd7 Qd8 21. Bxc6 Bxc6
22. Nxc6 Qd7 23. Qxd5 Rac8 24. Rff1 Rce8 25. Ne5 Qe7 26. Rc6 Bxe5 27. dxe5 Qb7
28. Rd6 Qc8 29. Rc1 Qg4 30. Re1 Nc7 31. Qxe4 Ne6 32. Qf3 Qg6 33. Rd3 Rc8 34.
Rd2 Rf5 35. Kh1 Rcf8 36. Qg2 h5 37. Bg1 Qe8 38. e4 Nxf4 39. gxf4 Rxf4 40. Bf2
Rg4 41. Qh3 Qg6 42. Bg3 Rxe4 43. Rf1 Rxf1+ 44. Qxf1 h4 45. Rd8+ Kh7 46. Qf8 Kh6
47. Rd6 1-0

[Event "Cto Aragón Equipos Pref Gr II"]
[Site "Aragon"]
[Date "2014.03.15"]
[Round "8.56"]
[White "Javierre Conesa, Alfonso"]
[Black "Fernandez Sierra, Pedro Jose"]
[Result "1/2-1/2"]
[WhiteElo "1989"]
[BlackElo "1706"]
[PlyCount "54"]
[EventDate "2014.??.??"]
[WhiteTeam "Las Fuentes"]
[BlackTeam "Actur Rey Fernando"]

1. d4 Nf6 2. c4 c5 3. e3 e6 4. Nf3 d5 5. Nc3 cxd4 6. exd4 Nc6 7. Bg5 Bb4 8.
cxd5 Qxd5 9. Bd2 Qd8 10. a3 Ba5 11. b4 Bb6 12. Be3 Nd5 13. Nxd5 Qxd5 14. Bd3
Bd7 15. Bc2 Ne7 16. O-O Nf5 17. Rc1 Rc8 18. Re1 O-O 19. Bb3 Nxe3 20. Rxe3 Qd6
21. Bc2 h6 22. Qd3 f5 23. Rd1 Bc6 24. Ne5 Be4 25. Rxe4 fxe4 26. Qxe4 Rxc2 27.
Qxc2 Bxd4 1/2-1/2

[Event "Cto Aragón Equipos Pref Gr II"]
[Site "Aragon"]
[Date "2014.03.15"]
[Round "8.58"]
[White "Larios Villa, Francisco Javier"]
[Black "Antonano Fedz-Quincoces, Aveli"]
[Result "1-0"]
[WhiteElo "1929"]
[BlackElo "2047"]
[PlyCount "55"]
[EventDate "2014.??.??"]
[WhiteTeam "Ejea"]
[BlackTeam "St. Casablanca C"]

1. b4 f5 2. Bb2 Nf6 3. e3 e6 4. b5 a6 5. a4 axb5 6. axb5 Rxa1 7. Bxa1 Be7 8.
Nf3 O-O 9. c4 d5 10. Nc3 c5 11. Qb3 Kh8 12. Be2 Qd6 13. Na4 Nbd7 14. O-O e5 15.
d4 cxd4 16. exd4 e4 17. c5 Qf4 18. Ne5 Nxe5 19. dxe5 Ng4 20. Bxg4 fxg4 21. Bd4
Be6 22. Qe3 Qf7 23. Nb6 Qh5 24. c6 bxc6 25. bxc6 Bg5 26. Qa3 Rf3 27. Qa8+ Bg8
28. c7 1-0